[Event "28th 4NCL Congress"]
[Site "Leamington Spa"]
[Date "2022.07.09"]
[Round "2"]
[Board "18"]
[White "Okhai, Shabir"]
[Black "Gregory, Keith DF"]
[Result "1-0"]
[WhiteElo "2265"]
[BlackElo "2024"]
[PlyCount "65"]
[EventDate "2022.07.08"]
[EventRounds "5"]
[EventCountry "ENG"]

1. e4 d6 2. d4 Nf6 3. Nc3 Nbd7 4. Nf3 e5 5. Bc4 h6 6. O-O Be7 7. Re1 c6 8. a4
Qc7 9. h3 Nf8 10. Nh4 g5 11. Nf5 Ne6 12. Bxe6 Bxe6 13. dxe5 dxe5 14. Ng7+ Kf8
15. Nxe6+ fxe6 16. Qe2 Kf7 17. Bd2 Rad8 18. Red1 b6 19. Be3 Rxd1+ 20. Rxd1 Rd8
21. Rxd8 Bxd8 22. Qc4 a5 23. Nb1 Qb7 24. Nd2 b5 25. Qc3 Nd7 26. b3 Bb6 27. h4
Bxe3 28. Qxe3 bxa4 29. bxa4 Qb4 30. hxg5 hxg5 31. Nb3 Qxa4 32. Qa7 Ke7 33.
Qxd7+  1-0

[Event "28th 4NCL Congress"]
[Site "Leamington Spa"]
[Date "2022.07.09"]
[Round "2"]
[Board "19"]
[White "Verma, Shlok"]
[Black "Payne, Matthew J"]
[Result "1/2-1/2"]
[WhiteElo "2012"]
[BlackElo "2230"]
[PlyCount "71"]
[EventDate "2022.07.08"]
[EventRounds "5"]
[EventCountry "ENG"]

1. d4 Nf6 2. c4 g6 3. Nc3 Bg7 4. e4 d6 5. Nge2 O-O 6. Ng3 h5 7. Be2 h4 8. Nf1
b5 9. cxb5 a6 10. Ne3 axb5 11. Bxb5 c5 12. O-O cxd4 13. Qxd4 h3 14. g3 Bb7 15.
Qc4 Nbd7 16. f3 Qb6 17. Kh1 Rfc8 18. Qe2 Ne5 19. Nc2 Ba6 20. Bxa6 Rxa6 21. a3
Nc4 22. Nb4 Raa8 23. Rb1 Nxa3 24. Nbd5 Nxd5 25. Nxd5 Qb7 26. bxa3 Qxb1 27.
Nxe7+ Kf8 28. Nxc8 Rxc8 29. Bf4 Qb6 30. Rd1 Bd4 31. Qf1 Rc3 32. Qxh3 Rxf3 33.
Qd7 Be5 34. Bxe5 dxe5 35. Qd5 Qb2 36. Qd2  1/2-1/2

[Event "28th 4NCL Congress"]
[Site "Leamington Spa"]
[Date "2022.07.09"]
[Round "2"]
[Board "20"]
[White "Gardiner, Eric D"]
[Black "Carroll, Thomas"]
[Result "0-1"]
[WhiteElo "2001"]
[BlackElo "2226"]
[PlyCount "134"]
[EventDate "2022.07.08"]
[EventRounds "5"]
[EventCountry "ENG"]

1. d4 Nf6 2. Bg5 Ne4 3. Bf4 c5 4. f3 Qa5+ 5. c3 Nf6 6. Nd2 cxd4 7. Nb3 Qb6 8.
Qxd4 Qxd4 9. cxd4 e6 10. e4 Nc6 11. Bd3 a5 12. Ne2 a4 13. Nd2 a3 14. Nc4 axb2
15. Nxb2 d5 16. O-O Ba3 17. Rab1 Nb4 18. Bb5+ Bd7 19. Nc3 O-O 20. Bxd7 Nxd7 21.
Bd6 Nxa2 22. Bxf8 Nxc3 23. Bxa3 Rxa3 24. Ra1 Rb3 25. Ra8+ Nf8 26. exd5 Nxd5 27.
Nc4 g5 28. Ne5 Kg7 29. Rc1 Ng6 30. Nxg6 hxg6 31. Rac8 Rd3 32. Rb1 b6 33. Rc4
Rd2 34. Rcb4 Kf6 35. Rxb6 Nxb6 36. Rxb6 Rxd4 37. Kf2 g4 38. Rb5 gxf3 39. gxf3
Rd2+ 40. Kg3 g5 41. Ra5 e5 42. Rb5 Kf5 43. Rb4 Rd4 44. Rb7 f6 45. h3 Rd3 46.
Rb4 Rd4 47. Rb8 Rf4 48. Ra8 e4 49. Ra5+ Kg6 50. fxe4 Rxe4 51. Ra6 Kf5 52. Ra5+
Re5 53. Ra3 Kg6 54. Ra6 Re3+ 55. Kg4 Re4+ 56. Kg3 Rf4 57. Rb6 Kh5 58. Rb8 Ra4
59. Rf8 Ra3+ 60. Kg2 Kg6 61. Rb8 f5 62. Rb6+ Kh5 63. Rb2 Kh4 64. Rb4+ f4 65.
Rb2 Rg3+ 66. Kf2 Rxh3 67. Rb8 Ra3  0-1

[Event "28th 4NCL Congress"]
[Site "Leamington Spa"]
[Date "2022.07.09"]
[Round "2"]
[Board "21"]
[White "Burrows, Martin P"]
[Black "Sullivan, Daniel JS"]
[Result "1/2-1/2"]
[WhiteElo "2179"]
[BlackElo "2012"]
[PlyCount "83"]
[EventDate "2022.07.08"]
[EventRounds "5"]
[EventCountry "ENG"]

1. e4 c5 2. Nf3 Nc6 3. d4 cxd4 4. Nxd4 Nf6 5. Nc3 e5 6. Ndb5 d6 7. Bg5 a6 8.
Na3 b5 9. Nd5 Be7 10. Bxf6 Bxf6 11. c4 b4 12. Nc2 a5 13. g3 O-O 14. Bg2 Bg5 15.
O-O Ne7 16. Nxe7+ Qxe7 17. Qd3 Qc7 18. Rad1 Qc5 19. b3 Ra6 20. Kh1 Bb7 21. f4
Bf6 22. Ne3 exf4 23. gxf4 g6 24. Ng4 Bg7 25. f5 Be5 26. Qh3 h5 27. fxg6 fxg6
28. Nh6+ Kg7 29. Qd7+ Kxh6 30. Rxf8 Bc6 31. Qe6 Qe3 32. Rdf1 Bxe4 33. Bxe4
Qxe4+ 34. R8f3 Ra8 35. Qd5 Qxd5 36. cxd5 a4 37. Rf8 Ra5 38. Rd1 axb3 39. axb3
Ra2 40. Rb8 Rxh2+ 41. Kg1 Rh4 42. Rd3  1/2-1/2

[Event "28th 4NCL Congress"]
[Site "Leamington Spa"]
[Date "2022.07.09"]
[Round "2"]
[Board "22"]
[White "Cave, Iwan"]
[Black "Ther, Mate"]
[Result "0-1"]
[WhiteElo "1994"]
[BlackElo "2153"]
[PlyCount "98"]
[EventDate "2022.07.08"]
[EventRounds "5"]
[EventCountry "ENG"]

1. e4 e5 2. Nf3 Nc6 3. Bb5 a6 4. Ba4 Nf6 5. O-O Nxe4 6. d4 Be7 7. Re1 b5 8. Bb3
d5 9. dxe5 Be6 10. c3 O-O 11. Nbd2 Nc5 12. Bc2 d4 13. Nb3 dxc3 14. bxc3 Qxd1
15. Rxd1 Na4 16. Nbd4 Nxd4 17. cxd4 Nc3 18. Re1 Rad8 19. Be3 Nxa2 20. Be4 Nb4
21. Rec1 Rc8 22. Ng5 Bc4 23. Bxh7+ Kh8 24. Bf5 Ra8 25. Bd2 Nd5 26. e6 fxe6 27.
Bxe6 Nb6 28. Bg4 c5 29. Ra3 Bxg5 30. Bxg5 cxd4 31. Rh3+ Kg8 32. Rxc4 Nxc4 33.
Be6+ Rf7 34. Rf3 Raf8 35. Be7 Ne5 36. Rf5 Re8 37. Bxf7+ Nxf7 38. Bb4 Ne5 39.
Kf1 Nc6 40. Bd2 b4 41. Rc5 Re6 42. f4 b3 43. Bc1 d3 44. Rd5 Nb4 45. Rd7 Rc6 46.
Bb2 Rc2 47. Bxg7 Nd5 48. Be5 Ne3+ 49. Ke1 Re2#  0-1

[Event "28th 4NCL Congress"]
[Site "Leamington Spa"]
[Date "2022.07.09"]
[Round "2"]
[Board "23"]
[White "Larkin, Benjamin"]
[Black "James, Russell A"]
[Result "1-0"]
[WhiteElo "1986"]
[BlackElo "2148"]
[PlyCount "81"]
[EventDate "2022.07.08"]
[EventRounds "5"]
[EventCountry "ENG"]

1. Nf3 c5 2. c4 Nc6 3. g3 e5 4. Nc3 Nf6 5. Bg2 g6 6. O-O Bg7 7. d3 O-O 8. a3 a5
9. e4 d6 10. Ne1 Nd4 11. Rb1 Bd7 12. Nc2 a4 13. Bg5 h6 14. Bxf6 Bxf6 15. Nxd4
cxd4 16. Nd5 Bg7 17. Qd2 f5 18. Qb4 f4 19. Qxd6 Ra6 20. Qb4 f3 21. Qxb7 fxg2
22. Qxa6 gxf1=Q+ 23. Rxf1 Bh3 24. Qxa4 Bxf1 25. Kxf1 Qg5 26. Qc2 Qg4 27. Qe2
Qh3+ 28. Kg1 h5 29. a4 Kh7 30. b4 h4 31. c5 Qe6 32. b5 Bh6 33. c6 h3 34. c7 Qd6
35. Qg4 Qa3 36. Qd7+ Kh8 37. Qxh3 Qc1+ 38. Qf1 Qc2 39. b6 Be3 40. b7 Bxf2+ 41.
Kh1  1-0

[Event "28th 4NCL Congress"]
[Site "Leamington Spa"]
[Date "2022.07.09"]
[Round "2"]
[Board "24"]
[White "Mulay, Partha"]
[Black "Gopakumar, Siddharth"]
[Result "0-1"]
[WhiteElo "2139"]
[BlackElo "1979"]
[PlyCount "95"]
[EventDate "2022.07.08"]
[EventRounds "5"]
[EventCountry "ENG"]

1. Nf3 d5 2. c4 c6 3. e3 Nf6 4. Nc3 g6 5. d4 Bg7 6. Be2 O-O 7. O-O dxc4 8. Bxc4
Bg4 9. Be2 Nbd7 10. e4 Bxf3 11. Bxf3 e5 12. d5 cxd5 13. exd5 Re8 14. Re1 Qb6
15. Rb1 a6 16. Be3 Qd6 17. Qd2 b5 18. a3 Rac8 19. Red1 Nb6 20. Bxb6 Qxb6 21.
Ne4 Rcd8 22. Nxf6+ Bxf6 23. Be4 Rd6 24. Rbc1 Red8 25. b4 Kg7 26. Rc5 Be7 27.
Qc3 f5 28. Bc2 Bf6 29. Bb3 e4 30. Qe3 R8d7 31. Rdc1 Qd8 32. Rc8 Qe7 33. R1c2
Qe5 34. g3 Qa1+ 35. Kg2 Qxa3 36. Ra8 Qxb4 37. Rcc8 Rd8 38. Rxd8 Rxd8 39. Ra7+
Be7 40. Qb6 Kf8 41. Qe6 Qd6 42. Rxa6 Qxe6 43. Rxe6 Rd6 44. Rxd6 Bxd6 45. Kf1
Ke7 46. Ke2 Kf6 47. f3 Ke5 48. fxe4  0-1

[Event "28th 4NCL Congress"]
[Site "Leamington Spa"]
[Date "2022.07.09"]
[Round "2"]
[Board "25"]
[White "Murawski, Jan"]
[Black "Modi, Kishan J"]
[Result "1-0"]
[WhiteElo "1963"]
[BlackElo "2128"]
[PlyCount "69"]
[EventDate "2022.07.08"]
[EventRounds "5"]
[EventCountry "ENG"]

1. d4 d6 2. c4 Nf6 3. Nc3 Nbd7 4. e4 e5 5. Nge2 c6 6. g3 Be7 7. Bg2 O-O 8. O-O
a6 9. f4 b5 10. d5 Qb6+ 11. Kh1 bxc4 12. Na4 Qc7 13. Be3 cxd5 14. fxe5 Nxe5 15.
Nb6 Rb8 16. Nxc8 Rfxc8 17. Nd4 dxe4 18. Nf5 Nfg4 19. Bd4 g6 20. Nxe7+ Qxe7 21.
Bxe4 h5 22. Bd5 Rb5 23. Bg2 h4 24. a4 Rb3 25. Ra3 Rxa3 26. bxa3 hxg3 27. Bh3
Qh4 28. Kg2 Nxh2 29. Bxc8 Qe4+ 30. Kh3 Nxf1 31. Bxe5 Ne3 32. Qxd6 Qg2+ 33. Kh4
Nf5+ 34. Bxf5 Qh2+ 35. Bh3  1-0

[Event "28th 4NCL Congress"]
[Site "Leamington Spa"]
[Date "2022.07.09"]
[Round "2"]
[Board "26"]
[White "Gibson, Christopher A"]
[Black "Ireland, David J"]
[Result "1-0"]
[WhiteElo "1947"]
[BlackElo "2106"]
[PlyCount "59"]
[EventDate "2022.07.08"]
[EventRounds "5"]
[EventCountry "ENG"]

1. e4 c5 2. c3 d5 3. exd5 Qxd5 4. d4 Nc6 5. Nf3 Nf6 6. dxc5 Qxd1+ 7. Kxd1 Bf5
8. Bc4 O-O-O+ 9. Ke2 e6 10. b4 Ng4 11. Bf4 e5 12. Bg3 e4 13. Ng5 Nge5 14. Na3
Bg6 15. h4 h6 16. h5 hxg5 17. hxg6 Rxh1 18. Rxh1 Nxc4 19. Nxc4 f5 20. Bd6 Ne7
21. g3 Nxg6 22. Bxf8 Rxf8 23. Rh7 Ne7 24. Rxg7 Nd5 25. Nd6+ Kd8 26. Nxb7+ Kc8
27. Nd6+ Kb8 28. c4 Nc3+ 29. Kd2 Nxa2 30. c6  1-0

[Event "28th 4NCL Congress"]
[Site "Leamington Spa"]
[Date "2022.07.09"]
[Round "2"]
[Board "27"]
[White "Arora, Tashika"]
[Black "Woltery, Nicolai"]
[Result "1/2-1/2"]
[WhiteElo "2090"]
[BlackElo "1930"]
[PlyCount "96"]
[EventDate "2022.07.08"]
[EventRounds "5"]
[EventCountry "ENG"]

1. d4 Nf6 2. c4 c5 3. d5 b5 4. Qc2 g6 5. e4 Bg7 6. cxb5 O-O 7. Nc3 e6 8. Bc4
Bb7 9. Qd3 exd5 10. Nxd5 Nxe4 11. Ne2 Nd6 12. Bb3 a6 13. b6 c4 14. Bxc4 Nxc4
15. Qxc4 Nc6 16. Be3 Rc8 17. O-O Ne5 18. Qb3 Ng4 19. Rad1 Bxd5 20. Rxd5 Nxe3
21. fxe3 Rc6 22. b7 Rb6 23. Qd3 Rxb7 24. b3 Qe7 25. e4 Rb4 26. Ng3 Be5 27. Rxd7
Qc5+ 28. Kh1 Bxg3 29. Qxg3 Rxe4 30. Qf3 Re7 31. Rd5 Qc2 32. a3 Rfe8 33. h3 Qb2
34. b4 Qa2 35. Kh2 Qc4 36. Rc5 Qe6 37. Qf4 Qb3 38. Rf3 Re3 39. Rxe3 Qxe3 40.
Qxe3 Rxe3 41. a4 Re4 42. Ra5 Rxb4 43. Rxa6 Rb3 44. a5 Ra3 45. h4 Kg7 46. g3 h6
47. Kh3 h5 48. Kh2 Ra2+  1/2-1/2

[Event "28th 4NCL Congress"]
[Site "Leamington Spa"]
[Date "2022.07.09"]
[Round "2"]
[Board "28"]
[White "Vijayakumar, Rishi"]
[Black "Zhang, Anthony Y"]
[Result "0-1"]
[WhiteElo "1867"]
[BlackElo "2237"]
[PlyCount "50"]
[EventDate "2022.07.08"]
[EventRounds "5"]
[EventCountry "ENG"]

1. d4 d5 2. c4 c6 3. Nf3 Nf6 4. Nc3 dxc4 5. a4 Bf5 6. e3 e6 7. Bxc4 Bb4 8. O-O
Nbd7 9. Bd2 a5 10. Re1 Bg6 11. Na2 Bxd2 12. Nxd2 O-O 13. b4 e5 14. bxa5 Qxa5
15. Nc1 exd4 16. Ncb3 Qb4 17. Nxd4 Nc5 18. a5 Rxa5 19. Rxa5 Qxa5 20. N2b3 Nxb3
21. Bxb3 c5 22. Nf3 Qc3 23. Ba4 Ra8 24. Re2 h6 25. h3 b5  0-1

[Event "28th 4NCL Congress"]
[Site "Leamington Spa"]
[Date "2022.07.09"]
[Round "2"]
[Board "29"]
[White "Jina, Taran"]
[Black "Basson, Heinrich"]
[Result "1-0"]
[WhiteElo "2131"]
[BlackElo "1983"]
[PlyCount "57"]
[EventDate "2022.07.08"]
[EventRounds "5"]
[EventCountry "ENG"]

1. Nf3 d5 2. g3 Nf6 3. Bg2 g6 4. O-O Bg7 5. d4 O-O 6. c4 c6 7. cxd5 cxd5 8. Nc3
Nc6 9. Ne5 e6 10. Nxc6 bxc6 11. Na4 Nd7 12. Bf4 e5 13. dxe5 Bxe5 14. Bxe5 Nxe5
15. Rc1 Bd7 16. e4 Qf6 17. h3 dxe4 18. Nc5 Rfd8 19. Nxe4 Qe7 20. Qe2 Bf5 21.
Rfd1 Rac8 22. b3 Kf8 23. Qe3 Kg7 24. Nc5 Qf6 25. f4 Nd7 26. Nb7 Rf8 27. Kh2 Nb6
28. Nd6 Rc7 29. Ne8+  1-0

[Event "28th 4NCL Congress"]
[Site "Leamington Spa"]
[Date "2022.07.09"]
[Round "2"]
[Board "30"]
[White "Bramson, Mike"]
[Black "Pink, Joshua"]
[Result "0-1"]
[WhiteElo "1976"]
[BlackElo "2066"]
[PlyCount "120"]
[EventDate "2022.07.08"]
[EventRounds "5"]
[EventCountry "ENG"]

1. e4 e5 2. Nc3 Nc6 3. Bc4 Nf6 4. d3 Bc5 5. Be3 Bxe3 6. fxe3 d6 7. Nf3 Na5 8.
Bb3 c6 9. O-O O-O 10. Qe1 Nxb3 11. axb3 Qe7 12. Nh4 a6 13. Nf5 Bxf5 14. Rxf5
Qe6 15. Qh4 d5 16. Raf1 Nd7 17. exd5 cxd5 18. e4 dxe4 19. Nxe4 f6 20. R1f3 Rf7
21. Qf2 Qb6 22. Qxb6 Nxb6 23. g4 Nd5 24. g5 Ne7 25. gxf6 Nxf5 26. Rxf5 gxf6 27.
Nd6 Rg7+ 28. Kf2 Rf8 29. c4 Rd7 30. c5 Kg7 31. Ke3 Rfd8 32. Rf2 Rxd6 33. cxd6
Rxd6 34. Rg2+ Kf7 35. Rg4 Rb6 36. b4 f5 37. Rg5 Kf6 38. Rg8 Rxb4 39. Rf8+ Ke6
40. Re8+ Kd6 41. Rd8+ Ke7 42. Rh8 Rh4 43. Rc8 Rh3+ 44. Ke2 Rxh2+ 45. Ke3 Rxb2
46. Rc7+ Ke6 47. Rxh7 a5 48. Rh8 a4 49. Re8+ Kd6 50. Rd8+ Ke7 51. Ra8 b5 52.
Ra6 Rb3 53. Kd2 a3 54. Kc2 Rb2+ 55. Kc3 b4+ 56. Kc4 f4 57. Kd5 a2 58. Kxe5 Re2+
59. Kxf4 b3 60. d4 Re1  0-1

[Event "28th 4NCL Congress"]
[Site "Leamington Spa"]
[Date "2022.07.09"]
[Round "2"]
[Board "31"]
[White "Vleeshhouwer, Douglas"]
[Black "Sandhu, Manvith"]
[Result "1/2-1/2"]
[WhiteElo "2062"]
[BlackElo "1952"]
[PlyCount "62"]
[EventDate "2022.07.08"]
[EventRounds "5"]
[EventCountry "ENG"]

1. e4 c5 2. b4 b6 3. bxc5 bxc5 4. Nc3 e6 5. Rb1 Nc6 6. Nf3 a6 7. d4 cxd4 8.
Nxd4 Nxd4 9. Qxd4 Qc7 10. Bc4 d6 11. O-O Nf6 12. Qd3 Be7 13. Bf4 O-O 14. Rfd1
Nd7 15. Bb3 Ne5 16. Qg3 Bb7 17. Rd4 Rfd8 18. Nd1 Rac8 19. Ne3 Bf6 20. Kh1 Qe7
21. Rbd1 Bh4 22. Qh3 Bxf2 23. Rf1 Bh4 24. Ng4 Nxg4 25. Qxg4 Bf6 26. Ra4 Bc6 27.
Rb4 a5 28. Rb6 Bxe4 29. Bxd6 Rxd6 30. Rxd6 Qxd6 31. Qxe4 Rd8  1/2-1/2

[Event "28th 4NCL Congress"]
[Site "Leamington Spa"]
[Date "2022.07.09"]
[Round "2"]
[Board "32"]
[White "Liu, Jack"]
[Black "Saunders, Aron"]
[Result "0-1"]
[WhiteElo "1947"]
[BlackElo "2055"]
[PlyCount "94"]
[EventDate "2022.07.08"]
[EventRounds "5"]
[EventCountry "ENG"]

1. e4 c6 2. d4 d5 3. e5 Bf5 4. Nc3 e6 5. g4 Bg6 6. Nge2 c5 7. h4 h5 8. Nf4 Bh7
9. g5 Bf5 10. Bd3 Bxd3 11. Qxd3 g6 12. Be3 Ne7 13. O-O-O Nbc6 14. Nfe2 Nf5 15.
f4 c4 16. Qd2 Qa5 17. Kb1 b5 18. Nc1 b4 19. N3e2 c3 20. Qd3 cxb2 21. Nb3 Qb6
22. Bf2 a5 23. Ng3 Nxg3 24. Qxg3 Na7 25. Kxb2 Nb5 26. f5 exf5 27. Rhe1 Nc3 28.
Ra1 Ne4 29. Qe3 Rc8 30. Red1 Rc3 31. Rd3 a4 32. Nd2 Qc6 33. Rc1 a3+ 34. Kb1 Be7
35. Nxe4 fxe4 36. Rxc3 bxc3 37. Ka1 O-O 38. Be1 Rc8 39. Rb1 Qc4 40. Bg3 Qa4 41.
Rb3 Qc4 42. Rb1 Bb4 43. Bf2 Ba5 44. Bg3 Rc6 45. Be1 Rb6 46. Rxb6 Bxb6 47. Bxc3
Bxd4  0-1

[Event "28th 4NCL Congress"]
[Site "Leamington Spa"]
[Date "2022.07.09"]
[Round "2"]
[Board "33"]
[White "Phan, Stefanus"]
[Black "Bill, Vincenz"]
[Result "1/2-1/2"]
[WhiteElo "2049"]
[BlackElo "1940"]
[PlyCount "52"]
[EventDate "2022.07.08"]
[EventRounds "5"]
[EventCountry "ENG"]

1. c4 Nf6 2. g3 g6 3. Bg2 Bg7 4. Nc3 c5 5. Nf3 Nc6 6. d4 cxd4 7. Nxd4 Ne4 8.
Nxe4 Nxd4 9. O-O O-O 10. Bd2 d6 11. Bc3 Nc6 12. Bxg7 Kxg7 13. Qd2 Rb8 14. Rfd1
Qa5 15. Qxa5 Nxa5 16. c5 dxc5 17. Nxc5 Nc6 18. Rd2 Be6 19. Nxb7 Rxb7 20. Bxc6
Rc7 21. Be4 Rfc8 22. b3 Rc3 23. Kg2 R8c5 24. Rad1 Ra5 25. f3 Ra3 26. Bb1 Ra5
 1/2-1/2

[Event "28th 4NCL Congress"]
[Site "Leamington Spa"]
[Date "2022.07.09"]
[Round "2"]
[Board "34"]
[White "Shenbagakumar, Gautham"]
[Black "Chauhan, Pranay"]
[Result "0-1"]
[WhiteElo "1934"]
[BlackElo "2047"]
[PlyCount "134"]
[EventDate "2022.07.08"]
[EventRounds "5"]
[EventCountry "ENG"]

1. e4 e6 2. d4 d5 3. Nc3 Bb4 4. e5 Ne7 5. a3 Bxc3+ 6. bxc3 c5 7. Qg4 Qc7 8.
Qxg7 Rg8 9. Qxh7 cxd4 10. Qd3 dxc3 11. f4 Bd7 12. Ne2 Nbc6 13. h3 d4 14. Nxd4
Nxd4 15. Qxd4 Nf5 16. Qf2 Qc6 17. Rh2 Qe4+ 18. Qe2 Qa4 19. Qc4 Nd4 20. Qxa4
Bxa4 21. Kf2 Nxc2 22. Rb1 O-O-O 23. g4 Nd4 24. Be3 Nb3 25. Kg3 Nd2 26. Rc1 Kb8
27. Bg2 Rd3 28. Kf2 Nb3 29. Re1 c2 30. Be4 Rxe3 31. Kxe3 c1=Q+ 32. Rxc1 Nxc1
33. Rb2 Nb3 34. f5 Nc5 35. Kd4 Nxe4 36. Kxe4 Rh8 37. Rh2 Kc7 38. h4 exf5+ 39.
Kxf5 Bd7+ 40. Kf4 Be6 41. h5 b5 42. g5 a5 43. h6 Kb6 44. Rg2 Kc5 45. g6 fxg6
46. Rxg6 Ba2 47. e6 Kd6 48. Kg5 Bxe6 49. Kf6 Rh7 50. Kg5 Ke5 51. Rf6 Bc4 52.
Ra6 a4 53. Ra8 Kd4 54. Rd8+ Kc3 55. Kg6 Rc7 56. h7 Rxh7 57. Kxh7 Kb3 58. Kg6
Kxa3 59. Kf5 Kb2 60. Ke4 a3 61. Kd4 a2 62. Ra8 a1=Q 63. Rxa1 Kxa1 64. Kc3 Ka2
65. Kb4 Kb2 66. Kc5 Kc3 67. Kb6 b4  0-1

[Event "28th 4NCL Congress"]
[Site "Leamington Spa"]
[Date "2022.07.09"]
[Round "2"]
[Board "35"]
[White "Pal, Rohan"]
[Black "Miller, George I"]
[Result "1/2-1/2"]
[WhiteElo "2022"]
[BlackElo "1847"]
[PlyCount "33"]
[EventDate "2022.07.08"]
[EventRounds "5"]
[EventCountry "ENG"]

1. e4 d5 2. exd5 Nf6 3. Nf3 Bg4 4. Bb5+ Nbd7 5. c4 a6 6. Ba4 b5 7. cxb5 Nxd5 8.
d4 e5 9. dxe5 Bb4+ 10. Bd2 O-O 11. Bxb4 Nxb4 12. O-O Nc5 13. Nc3 Nxa4 14. Qxa4
Bxf3 15. gxf3 Qg5+ 16. Kh1 Qf4 17. Kg2  1/2-1/2

[Event "28th 4NCL Congress"]
[Site "Leamington Spa"]
[Date "2022.07.09"]
[Round "2"]
[Board "36"]
[White "Wedge, David C"]
[Black "Simpson, Joshua"]
[Result "1-0"]
[WhiteElo "1927"]
[BlackElo "2022"]
[PlyCount "94"]
[EventDate "2022.07.08"]
[EventRounds "5"]
[EventCountry "ENG"]

1. e4 c5 2. Nc3 a6 3. g3 Nc6 4. Bg2 g6 5. d3 Bg7 6. Be3 d6 7. Qd2 Bd7 8. f4 Nf6
9. h3 O-O 10. Nge2 Rb8 11. O-O e6 12. g4 b5 13. Ng3 b4 14. Nd1 Qc7 15. f5 d5
16. Qf2 d4 17. Bf4 e5 18. Bd2 Ne7 19. g5 c4 20. gxf6 Bxf6 21. Bh6 Bh4 22. Bxf8
Rxf8 23. f6 Nc8 24. Kh2 Nd6 25. Qd2 Ne8 26. Qxb4 cxd3 27. cxd3 Nxf6 28. Qd2 Bb5
29. Rc1 Qe7 30. Nf2 h6 31. Qc2 Bg5 32. Qc5 Qe6 33. b3 Bf4 34. Bf3 Bd7 35. Bg4
Nxg4+ 36. hxg4 h5 37. Kg2 h4 38. Ne2 Be3 39. Qd5 Qf6 40. Qxd7 Qg5 41. Nh3 Qh6
42. Rc7 f5 43. Qe6+ Kh8 44. Qxe5+ Kg8 45. exf5 gxf5 46. Rxf5 Qg6 47. Rxf8+ Kxf8
 1-0

[Event "28th 4NCL Congress"]
[Site "Leamington Spa"]
[Date "2022.07.09"]
[Round "2"]
[Board "37"]
[White "Cast, Julian"]
[Black "Hertog, Alexander"]
[Result "1-0"]
[WhiteElo "2021"]
[BlackElo "1801"]
[PlyCount "57"]
[EventDate "2022.07.08"]
[EventRounds "5"]
[EventCountry "ENG"]

1. d4 d5 2. e3 Nf6 3. Bd3 e6 4. Nd2 c5 5. c3 Nc6 6. f4 Nd7 7. Ngf3 g6 8. O-O f5
9. b3 Nf6 10. Bb2 Bg7 11. dxc5 Ne4 12. Nd4 Nxc5 13. Bb5 Bd7 14. Ba3 Nxd4 15.
Bxd7+ Qxd7 16. cxd4 Ne4 17. Nxe4 dxe4 18. Qd2 Kf7 19. Qa5 b6 20. Qa6 Rac8 21.
Rac1 Rhd8 22. Rfd1 Bf8 23. Bxf8 Kxf8 24. Rc4 Rc7 25. Rdc1 Rdc8 26. Qxc8+ Qxc8
27. Rxc7 Qa6 28. Rxh7 g5 29. Rcc7  1-0

[Event "28th 4NCL Congress"]
[Site "Leamington Spa"]
[Date "2022.07.09"]
[Round "2"]
[Board "38"]
[White "Karas, Eugenia"]
[Black "Ortiz Sanchez, Luis"]
[Result "0-1"]
[WhiteElo "1844"]
[BlackElo "2008"]
[PlyCount "104"]
[EventDate "2022.07.08"]
[EventRounds "5"]
[EventCountry "ENG"]

1. d4 d5 2. c4 c6 3. cxd5 cxd5 4. Bf4 Nc6 5. Nc3 Nf6 6. e3 a6 7. Bd3 Qb6 8. b3
Nb4 9. Nge2 Nxd3+ 10. Qxd3 Bd7 11. O-O e6 12. Rab1 Bb4 13. Rfc1 Bc6 14. Be5 Be7
15. b4 O-O 16. a4 Nd7 17. Bg3 Nf6 18. a5 Qd8 19. f3 Qd7 20. Nf4 Rac8 21. Qd2
Rfd8 22. Nd3 h6 23. Be5 Qe8 24. Qb2 Nd7 25. Bg3 Bf6 26. b5 axb5 27. Nxb5 Bxb5
28. Qxb5 e5 29. Rxc8 Rxc8 30. dxe5 Nxe5 31. Qxe8+ Rxe8 32. Nxe5 Bxe5 33. Bxe5
Rxe5 34. Rxb7 Rxe3 35. a6 Ra3 36. a7 Kh7 37. Rxf7 Kg6 38. Rd7 Kf6 39. Kf2 g6
40. Ke2 d4 41. g4 Kg5 42. h3 Kf6 43. f4 Ke6 44. Rh7 Kd5 45. Rxh6 Rxa7 46. Rxg6
Ke4 47. f5 d3+ 48. Ke1 Ra1+ 49. Kf2 Ra2+ 50. Kg3 d2 51. Re6+ Kd5 52. Re8 Ra6
 0-1

[Event "28th 4NCL Congress"]
[Site "Leamington Spa"]
[Date "2022.07.09"]
[Round "2"]
[Board "39"]
[White "Subramanian, Anusha"]
[Black "Bourne, Johnathan D"]
[Result "1-0"]
[WhiteElo "1705"]
[BlackElo "1992"]
[PlyCount "73"]
[EventDate "2022.07.08"]
[EventRounds "5"]
[EventCountry "ENG"]

1. Nf3 Nf6 2. c4 g6 3. Nc3 Bg7 4. g3 O-O 5. Bg2 d6 6. d4 Nbd7 7. O-O e5 8. e3
a6 9. b3 Rb8 10. Bb2 b5 11. Qc2 bxc4 12. bxc4 Nb6 13. dxe5 Nxc4 14. exf6 Qxf6
15. Nd5 Qxb2 16. Qxc4 Be6 17. Nd4 Bxd5 18. Qxd5 Rb4 19. Rad1 Ra4 20. Qc6 Rxa2
21. Qxc7 Bh6 22. Bd5 Ra3 23. Rb1 Qd2 24. Rb7 Bxe3 25. Bxf7+ Kh8 26. Bxg6 Bxf2+
27. Kh1 Qh6 28. Qxh7+ Qxh7 29. Rxh7+ Kg8 30. Nc6 Rf6 31. Ne7+ Kf8 32. Be4 Ra2
33. Nd5 Re6 34. Nc3 Rd2 35. Bd5 Re5 36. Rf7+ Ke8 37. R7xf2  1-0

[Event "28th 4NCL Congress"]
[Site "Leamington Spa"]
[Date "2022.07.09"]
[Round "3"]
[Board "1"]
[White "Ogunshola, Olugbemiga (Ben)"]
[Black "Hebden, Mark L"]
[Result "0-1"]
[WhiteElo "2224"]
[BlackElo "2546"]
[PlyCount "86"]
[EventDate "2022.07.08"]
[EventRounds "5"]
[EventCountry "ENG"]

1. c4 g6 2. g3 Bg7 3. Bg2 Nf6 4. Nf3 O-O 5. Nc3 d6 6. O-O e5 7. d3 Nbd7 8. Rb1
Re8 9. b4 a5 10. a3 h6 11. Nd2 axb4 12. axb4 Nf8 13. Bb2 c6 14. Ra1 Rxa1 15.
Qxa1 d5 16. cxd5 cxd5 17. Nb5 Bg4 18. Re1 Qd7 19. Qa5 Re7 20. Nb3 e4 21. Nc5
Qc6 22. Nd4 Qc8 23. Rc1 exd3 24. exd3 Qe8 25. Bc3 N8d7 26. Nxd7 Qxd7 27. Qa1
Ne8 28. Re1 Rxe1+ 29. Qxe1 Nc7 30. Nf3 d4 31. Bd2 Qf5 32. Nh4 Qxd3 33. Bxb7 Be6
34. Bg2 Nd5 35. Bf1 Qc2 36. Nf3 Qb2 37. Bc4 Nc7 38. Bxe6 Nxe6 39. Qc1 Qb3 40.
Kg2 Qd5 41. h4 d3 42. Be3 g5 43. hxg5 hxg5  0-1

[Event "28th 4NCL Congress"]
[Site "Leamington Spa"]
[Date "2022.07.09"]
[Round "3"]
[Board "2"]
[White "Gormally, Daniel W"]
[Black "Seymour, Timothy P"]
[Result "1-0"]
[WhiteElo "2494"]
[BlackElo "2125"]
[PlyCount "29"]
[EventDate "2022.07.08"]
[EventRounds "5"]
[EventCountry "ENG"]

1. d4 d5 2. c4 e6 3. Nf3 Nf6 4. Nc3 a6 5. e3 Nbd7 6. a3 b6 7. cxd5 exd5 8. Ne5
Bb7 9. Bd3 Nxe5 10. dxe5 Ne4 11. O-O Qh4 12. Qa4+ b5 13. Bxb5+ Kd8 14. Bc6 Kc8
15. f3  1-0

[Event "28th 4NCL Congress"]
[Site "Leamington Spa"]
[Date "2022.07.09"]
[Round "3"]
[Board "3"]
[White "Modi, Shyam Jagdish"]
[Black "Bezuidenhout, Roland"]
[Result "1/2-1/2"]
[WhiteElo "2222"]
[BlackElo "2346"]
[PlyCount "41"]
[EventDate "2022.07.08"]
[EventRounds "5"]
[EventCountry "ENG"]

1. d4 Nf6 2. c4 e6 3. g3 Bb4+ 4. Bd2 Qe7 5. Nf3 Nc6 6. Nc3 Bxc3 7. Bxc3 Ne4 8.
Qc2 Nxc3 9. Qxc3 O-O 10. Bg2 d6 11. O-O a5 12. Rfd1 Re8 13. b3 e5 14. d5 Nb8
15. a3 Bg4 16. b4 Bxf3 17. exf3 Nd7 18. Bh3 axb4 19. axb4 g6 20. Bxd7 Qxd7 21.
Rxa8  1/2-1/2

[Event "28th 4NCL Congress"]
[Site "Leamington Spa"]
[Date "2022.07.09"]
[Round "3"]
[Board "4"]
[White "Stubbs, Oliver"]
[Black "Brewer, Callum D"]
[Result "1/2-1/2"]
[WhiteElo "2134"]
[BlackElo "2226"]
[PlyCount "44"]
[EventDate "2022.07.08"]
[EventRounds "5"]
[EventCountry "ENG"]

1. d4 Nf6 2. Nf3 d5 3. Bf4 c5 4. e3 Nc6 5. Nbd2 e6 6. c3 Bd6 7. Bg3 O-O 8. Bd3
b6 9. Qe2 Bb7 10. Rd1 Ne7 11. O-O Bxg3 12. hxg3 Nf5 13. e4 dxe4 14. Nxe4 cxd4
15. Nxf6+ Qxf6 16. Bxf5 Qxf5 17. Rxd4 Rad8 18. Rfd1 Bxf3 19. gxf3 Rxd4 20. Rxd4
Qb1+ 21. Kg2 Qxa2 22. Qb5 Qa5  1/2-1/2